Veľká Fatra turistická mapa

Bibliographic Details
Corporate Author: Vojenský kartografický ústav (Harmanec, Slovensko) (Author)
Format: Map
Language:Slovak
PhysicalDescription:1 mapa v prebale fareb. 67 x 102 cm 1 text. príl. (44 s.)
Published: Harmanec Vojenský kartografický ústav 2003
ISBN:808042389X
Edition:4. vyd.
Series:Edícia turistických máp
Subjects:

MARC

LEADER 00000cem a2200000 a 4500
001 vtls001457505
003 SK-MaSNL
005 20260301104105.0
007 aj cazzn
008 130607s2003 xo ac a 0 slo
015 |a SNBC2003/03-01763 
020 |a 808042389X 
035 |a SNK000412812 
040 |a SNK  |b slo  |c SNK  |e AACR2 
041 0 |a slo 
043 |a e-xo--- 
044 |a xo  |c SK 
072 7 |a 913(4)  |x Geografia Európy, reálie, cestovanie  |2 konspekt 
080 |a 91  |2 1981 
080 |a (437.6)  |2 1981 
080 |a (084.3)  |2 1981 
080 |a 796.5(234.372.3)(084.3)  |2 1981 
080 |a 908(437.6)  |2 1981 
110 2 |a Vojenský kartografický ústav (Harmanec, Slovensko)  |4 aut  |4 pbl  |9 32777 
245 1 0 |a Veľká Fatra  |h kartografický dokument  |b turistická mapa  |c spracoval Vojenský kartografický ústav, Harmanec 
250 |a 4. vyd. 
255 |a Mierka 1:50 000 
260 |a Harmanec  |b Vojenský kartografický ústav  |c 2003 
300 |a 1 mapa v prebale  |b fareb.  |c 67 x 102 cm  |e 1 text. príl. (44 s.) 
490 1 |a Edícia turistických máp  |v 121 
500 |a Čiast. text nem., angl., maď., poľ. 
500 |a Mapa obsahuje inform., graf. mierku, vysvetl. Redakčná uzávierka 10.3.2003 
651 7 |a Veľká Fatra (Slovensko : pohorie)  |2 SNKPHgeo  |9 24653 
655 7 |a turistické mapy  |2 SNKPH  |9 70551 
830 0 |a Edícia turistických máp  |9 295991 
852 |a Slovenská národná knižnica 
919 |a 80-8042-389-X 
923 |a turistická  |b skladaná  |c pre verejnosť 
999 |c 697220  |d 699150 
952 |t P60, <03>, [BOOK], {603}  |a SNK  |b SNK  |y PREZ  |7 0  |p 17A0392560  |o snkSLCm 2293/príl.  |i snkKSP 9493/2003  |0 0  |1 0  |4 0  |d 2003-07-30  |l 0  |r 2005-01-02 00:00:00  |w 2026-02-23 
952 |t P60, <03>, [BOOK], {603}  |a SNK  |b SNK  |y PREZ  |7 0  |p 17A0392559  |o snkSLCm 2293  |i snkKSP 9493/2003  |z textová časť  |0 0  |1 0  |4 0  |d 2003-07-30  |l 0  |r 2005-01-02 00:00:00  |w 2026-02-23 
952 |t P60, <04>, [BOOK], {604}  |a SNK  |b SNK  |y VYP  |7 0  |p 17A0392561  |o snkSLCm 2293 D1  |i snkKSP 9494/2003  |0 0  |1 0  |4 0  |d 2003-07-30  |l 0  |r 2005-01-02 00:00:00  |w 2026-02-23 
952 |t P60, <04>, [BOOK], {604}  |a SNK  |b SNK  |y VYP  |7 0  |p 17A0392562  |o snkSLCm 2293/príl. D1  |i snkKSP 9494/2003  |z textová časť  |0 0  |1 0  |4 0  |d 2003-07-30  |l 0  |r 2005-01-02 00:00:00  |w 2026-02-23